00702nam a2200229 a 4500001001300000003000900013005001700022008004100039020002100080082001500101100002000116245007600136260004000212300000900252500003500261505001000296700002000306902000800326942000700334952011400341999001700455nice12345678IN_TiNIC20260116014935.0050524s1985 jeda grp 000 0 eng  a0340345012 c000a266.2bMUR aMurray, Jocelyn aProclaim the Good Newsb Short History of the Church Missionary Society aJeddahbHodder and Stoughton c1985 a304p aincludes index and biblioraphy2 aIndex1 aMurray, Jocelyn bSRS cBK 001040708StackRoom-aHMIbHMId2005-05-24g0.00l0o266.2 MURp11000074r2005-05-24v0.00w2005-05-24yBK c17639d17639